| 000 | 00629nam a2200193 i 4500 | ||
|---|---|---|---|
| 001 | 102452 | ||
| 003 | ES-MaACL | ||
| 005 | 20251002204056.0 | ||
| 007 | t| | ||
| 008 | 051110s1931 fr ||||1| fre d | ||
| 100 | 1 |
_aMérimée, Prosper ( _d1803-1870) _980507 |
|
| 245 | 1 | 0 |
_aLettres de Mérimée a la famille Delessert / _cintroduction et notes par Maurice Parturier ; préface d'Emile Henriot. |
| 260 |
_aParis : _bPlon, _c1931. |
||
| 300 |
_a234 p. : _bil. ; _c19 cm. |
||
| 700 | 1 |
_aParturier, Maurice. _9165244 |
|
| 700 | 1 |
_aHenriot, Émile, _d1889-1961 _962578 |
|
| 852 |
_aES-MaACL _jF-13767 |
||
| 999 |
_c102452 _d102452 |
||